| 000 | 00490nam a22001697a 4500 | ||
|---|---|---|---|
| 005 | 20251108172940.0 | ||
| 008 | 250721s1988 xx 000 0 ara d | ||
| 082 | 1 | 4 | _a616.5/بير |
| 100 | 1 | _aبيرم، عبد الحسين | |
| 245 | 1 | 0 | _aكيفية العناية بصحة الجلد والبشرة / |
| 264 | 1 |
_aبغداد : _bدار التربية، _c1988. |
|
| 300 | _a96 ص | ||
| 650 | 1 | 7 | _aأمراض الجلد |
| 650 | 1 | 7 | _aالعلاج |
| 942 |
_2ddc _cBK |
||
| 999 |
_c92543 _d92543 |
||